Southville International School and Colleges
Your cart is empty.
  • Cart
  • Lists
    Public lists Eva Luna New books Lux_list list_1
    Your lists Log in to create your own lists
  • Log in to your account
  • Your cookies
  • Search history
Southville International School and Colleges
  • Advanced search
  • Recent comments
  • Most popular
  • Libraries

Log in to your account

Log in with GOOGLE


If you do not have an external account, but do have a local account, you can still log in:

  1. Home
  2. MARC view: Sealed with a Diss /
Normal view MARC view ISBD view

Sealed with a Diss / (Record no. 368683)

[ view plain ]
MARC details
000 -LEADER
fixed length control field 00581nam a22001937a 4500
003 - CONTROL NUMBER IDENTIFIER
control field 0
005 - DATE AND TIME OF LATEST TRANSACTION
control field 20251121144830.0
008 - FIXED-LENGTH DATA ELEMENTS--GENERAL INFORMATION
fixed length control field 251121b xxu||||| |||| 00| 0 eng d
020 ## - INTERNATIONAL STANDARD BOOK NUMBER
International Standard Book Number 978-0-316-11506-3
050 ## - LIBRARY OF CONGRESS CALL NUMBER
Classification number PZ 7
Item number .H2456 Se 2007
100 ## - MAIN ENTRY--PERSONAL NAME
Personal name Harrison, Lisi,
Relator term author.
245 ## - TITLE STATEMENT
Title Sealed with a Diss /
Statement of responsibility, etc Lisi Harrison.
260 ## - PUBLICATION, DISTRIBUTION, ETC. (IMPRINT)
Place of publication, distribution, etc New York :
Name of publisher, distributor, etc Poppy, Little, Brown and Company,
Date of publication, distribution, etc 2007.
300 ## - PHYSICAL DESCRIPTION
Extent 248 pages ;
Dimensions 20 cm.
490 ## - SERIES STATEMENT
Series statement The Clique ;
Volume number/sequential designation book 8
650 ## - SUBJECT ADDED ENTRY--TOPICAL TERM
Topical term or geographic name as entry element Friendship
Form subdivision Juvenile fiction.
650 ## - SUBJECT ADDED ENTRY--TOPICAL TERM
Topical term or geographic name as entry element Social groups
Form subdivision Juvenile fiction.
942 ## - ADDED ENTRY ELEMENTS (KOHA)
Source of classification or shelving scheme Library of Congress Classification
Koha item type Books
Holdings
Withdrawn status Lost status Source of classification or shelving scheme Damaged status Home library Current library Shelving location Date acquired Source of acquisition Sub Shelving location Total Checkouts Full call number Barcode Date last seen Price effective from Koha item type
    Library of Congress Classification   Luxembourg Library Luxembourg Library Fiction Section 11/19/2025 Donation     PZ 7 .H2456 Se 2007 21513 11/21/2025 11/21/2025 Books

Sealed with a Diss /

APA

Harrison L., . (2007). Sealed with a Diss. New York: Poppy, Little, Brown and Company.

Chicago

Harrison Lisi, . 2007. Sealed with a Diss. New York: Poppy, Little, Brown and Company.

Harvard

Harrison L., . (2007). Sealed with a Diss. New York: Poppy, Little, Brown and Company.

MLA

Harrison Lisi, . Sealed with a Diss. New York: Poppy, Little, Brown and Company. 2007.

  • Place hold
  • Print
  • Cite
  • Add to your cart (remove)
  • Save record
    BIBTEX Dublin Core MARCXML MARC (non-Unicode/MARC-8) MARC (Unicode/UTF-8) MARC (Unicode/UTF-8, Standard) MODS (XML) RIS
  • More searches
    Search for this title in:
    Other Libraries (WorldCat) Other Databases (Google Scholar) Online Stores (Bookfinder.com) Open Library (openlibrary.org)

Exporting to Dublin Core...

SOUTHVILLE LIBRARY

Southville International School and Colleges Library

1281 Tropical Ave. Cor. Luxembourg St., BF Homes International, Las Pinas City

Tel. No. 8256374 / 252358 Loc. 117/146

Powered by Koha